000 00380nam a2200145Ia 4500
008 220217s9999||||xx |||||||||||||| ||und||
020 _a81-7808-561-5
082 _a658.403 88 LAU
100 _aRobbins, Stephen, P
_93058
245 0 _aOrganizational Behavior
250 _a9th
260 _aPearson education asia
_bDelhi
_c2002
300 _b350
650 _aMANAGEMENT
999 _c172211
_d172211